[Event "International Championship of Central Serbia 2015 - OPEN A"]
[Site "Paracin"]
[Date "2015.07.07"]
[Round "5.26"]
[White "Dogan, Nazmi Can"]
[Black "Zajic, Milan"]
[Result "0-1"]
[WhiteElo "2182"]
[BlackElo "2489"]
[PlyCount "90"]
[EventDate "2015.07.03"]

1. e4 d6 2. d4 Nf6 3. Nc3 g6 4. Nf3 Bg7 5. Be2 O-O 6. O-O c6 7. a4 a5 8. h3 Na6
9. Be3 Nb4 10. Nd2 d5 11. e5 Ne8 12. Na2 Nxa2 13. Rxa2 f6 14. f4 Bh6 15. Ra3
Nc7 16. Qe1 Rf7 17. Qh4 Qf8 18. Kh2 fxe5 19. fxe5 Bxe3 20. Rxf7 Qxf7 21. Rxe3
Ne6 22. Rf3 Qg7 23. c4 c5 24. cxd5 Nxd4 25. Re3 Nf5 26. Qf2 Nxe3 27. Qxe3 Bd7
28. b3 Rf8 29. Nf3 b6 30. Bc4 Kh8 31. e6 Be8 32. d6 exd6 33. e7 Rf5 34. Bb5 Rf7
35. Bxe8 Rxe7 36. Qf4 Rxe8 37. Qxd6 Qb7 38. Qf6+ Kg8 39. h4 Qc7+ 40. Kg1 Re2
41. Kf1 Qe7 42. Qxb6 Qe3 43. Qb8+ Kg7 44. Qc7+ Kh6 45. Qg3 Rb2 0-1

[Event "International Championship of Central Serbia 2015 - OPEN A"]
[Site "Paracin"]
[Date "2015.07.07"]
[Round "5.27"]
[White "Popovic, Aleksandar M"]
[Black "Nestorovic, Dejan"]
[Result "0-1"]
[WhiteElo "2246"]
[BlackElo "2408"]
[PlyCount "44"]
[EventDate "2015.07.03"]

1. Nf3 c5 2. g3 Nc6 3. Bg2 g6 4. O-O Bg7 5. e4 d6 6. c3 e5 7. Na3 Nge7 8. d4
exd4 9. cxd4 Nxd4 10. Nxd4 cxd4 11. Nb5 Qb6 12. Qd3 a6 13. Na3 Be6 14. f4 d5
15. exd5 Nxd5 16. Nc4 Qc5 17. b3 Nb4 18. Qe4 O-O 19. Ba3 d3+ 20. Ne3 a5 21.
Rad1 Bf5 22. Qf3 Rfe8 0-1

[Event "International Championship of Central Serbia 2015 - OPEN A"]
[Site "Paracin"]
[Date "2015.07.07"]
[Round "5.28"]
[White "Dezelin, Milan"]
[Black "Breivik, Lars"]
[Result "1-0"]
[WhiteElo "2267"]
[BlackElo "2247"]
[PlyCount "61"]
[EventDate "2015.07.03"]

1. d4 e6 2. Nf3 b6 3. g3 Bb7 4. Bg2 d6 5. O-O Nd7 6. c4 g6 7. Bg5 Ne7 8. Nc3 h6
9. Bd2 Bg7 10. e4 O-O 11. Be3 Rb8 12. Qd2 Kh7 13. h4 f5 14. d5 e5 15. h5 Nc5
16. hxg6+ Nxg6 17. exf5 Rxf5 18. b4 Nd7 19. Qc2 Qf8 20. Nd2 Rh5 21. Bf3 Qf5 22.
Nce4 Qh3 23. Bxh5 Qxh5 24. Kg2 Rf8 25. Rh1 Qf5 26. Ng5+ Kg8 27. Qxf5 Rxf5 28.
Ne6 c6 29. Nd8 Ba8 30. Nxc6 Nf6 31. f3 1-0

[Event "International Championship of Central Serbia 2015 - OPEN A"]
[Site "Paracin"]
[Date "2015.07.07"]
[Round "5.29"]
[White "Furman, Boris"]
[Black "Cvetanovic, Uros"]
[Result "1/2-1/2"]
[WhiteElo "2239"]
[BlackElo "2264"]
[PlyCount "46"]
[EventDate "2015.07.03"]

1. d4 Nf6 2. c4 e6 3. Nc3 Bb4 4. Nf3 c5 5. g3 cxd4 6. Nxd4 Ne4 7. Qd3 Nxc3 8.
bxc3 Be7 9. Nb5 Nc6 10. Bf4 e5 11. Be3 d6 12. c5 dxc5 13. Qxd8+ Kxd8 14. O-O-O+
Bd7 15. Bh3 Nd4 16. Bxd7 Kxd7 17. cxd4 exd4 18. Nxd4 cxd4 19. Bxd4 Rhc8+ 20.
Kb2 g6 21. Bxa7+ Ke6 22. Bd4 Rc4 23. e3 Rca4 1/2-1/2

[Event "International Championship of Central Serbia 2015 - OPEN A"]
[Site "Paracin"]
[Date "2015.07.07"]
[Round "5.30"]
[White "Vujacic, Borivoje"]
[Black "Dimitrijevic, Nenad"]
[Result "1/2-1/2"]
[WhiteElo "2262"]
[BlackElo "2216"]
[PlyCount "77"]
[EventDate "2015.07.03"]

1. e4 c5 2. Nf3 e6 3. d4 cxd4 4. Nxd4 a6 5. Bd3 Nc6 6. Nxc6 dxc6 7. O-O e5 8.
Nd2 Nf6 9. Nc4 Qc7 10. f4 Bc5+ 11. Kh1 Ng4 12. Qf3 Be6 13. f5 Bxc4 14. Bxc4 h5
15. Bg5 f6 16. Bd2 O-O-O 17. Qe2 Qb6 18. h3 Kb8 19. Bd3 Nf2+ 20. Kh2 Nxd3 21.
cxd3 Qb5 22. Rf3 Qxb2 23. Qe1 Bd4 24. Rb1 Qxa2 25. Ba5 Rd7 26. Bb6 Bxb6 27.
Rxb6 Ka7 28. Rf2 Qa3 29. Rfb2 Qxd3 30. Qb4 Rb8 31. Qc5 Ka8 32. R6b4 h4 33. R2b3
Qf1 34. Rf3 Qe1 35. Ra3 Rc8 36. Qb6 Qf1 37. Rb1 Qc4 38. Rb4 Qf1 39. Rb1 1/2-1/2

[Event "International Championship of Central Serbia 2015 - OPEN A"]
[Site "Paracin"]
[Date "2015.07.07"]
[Round "5.31"]
[White "Rajkovic, Mladen"]
[Black "Dimitrijevic, Dusan"]
[Result "1-0"]
[WhiteElo "2259"]
[BlackElo "2115"]
[PlyCount "127"]
[EventDate "2015.07.03"]

1. e4 c5 2. Nf3 g6 3. d4 cxd4 4. Nxd4 Nc6 5. c4 Nf6 6. Nc3 d6 7. Be2 Bg7 8. Be3
O-O 9. O-O a6 10. Rc1 Nxd4 11. Bxd4 Be6 12. b3 Qa5 13. f4 b5 14. cxb5 axb5 15.
Bxb5 Nxe4 16. Nxe4 Bxd4+ 17. Qxd4 Qxb5 18. Rc7 Qd5 19. Qxd5 Bxd5 20. Nc3 Be6
21. Rc1 Rfc8 22. Rxc8+ Rxc8 23. Kf2 Bd5 24. g3 e5 25. Ne2 Ra8 26. Rd1 Be6 27.
Rd2 Kf8 28. Nc3 Ke7 29. Nb5 Ra6 30. Ke3 f6 31. Nc3 Ra5 32. b4 Ra3 33. Rd3 Kd7
34. Ne4 Rxd3+ 35. Kxd3 Bf5 36. g4 Be6 37. Nxf6+ Ke7 38. fxe5 dxe5 39. Nxh7 Bxa2
40. Ng5 Bb1+ 41. Kc4 Kd6 42. h4 Ba2+ 43. Kd3 Kd5 44. Ke3 Bb3 45. Ne4 Bc2 46.
Nc3+ Kc4 47. b5 Kc5 48. Kd2 Bb3 49. Ke3 Bc2 50. Kf3 Bd3 51. Kf2 Bc2 52. Ke3 Bb3
53. Ke4 Kd6 54. Ke3 Kc5 55. Ke4 Kd6 56. Ke3 Kc5 57. h5 gxh5 58. gxh5 Bf7 59.
Ne4+ Kb6 60. h6 Bg6 61. Nd6 Kc5 62. Nc4 Kxb5 63. Nxe5 Bb1 64. Nd3 1-0

[Event "International Championship of Central Serbia 2015 - OPEN A"]
[Site "Paracin"]
[Date "2015.07.07"]
[Round "5.32"]
[White "Persson, Andreas"]
[Black "Scripcaru, George-Daniel"]
[Result "0-1"]
[WhiteElo "2258"]
[BlackElo "2115"]
[PlyCount "82"]
[EventDate "2015.07.03"]

1. d4 d5 2. c4 dxc4 3. e3 e5 4. Bxc4 exd4 5. Nf3 Bb4+ 6. Bd2 Bxd2+ 7. Qxd2 Nc6
8. exd4 Nf6 9. Nc3 O-O 10. O-O-O Bg4 11. Qf4 Bxf3 12. gxf3 Ne7 13. d5 Ng6 14.
Qd4 Qd6 15. Ne4 Qf4+ 16. Qe3 Rfe8 17. Qxf4 Nxf4 18. Nxf6+ gxf6 19. Rhg1+ Kf8
20. Rg4 Ng6 21. Bd3 Rad8 22. Rb4 b6 23. Be4 Re5 24. Rc4 Rd7 25. Rc6 f5 26. Bc2
Ne7 27. Rh6 Kg7 28. Rh5 Rdxd5 29. Rg1+ Ng6 30. Bb3 Rd6 31. Bc2 Re2 32. Bxf5
Rxf2 33. Be4 Rdd2 34. f4 Rd4 35. Bxg6 hxg6 36. f5 Rc4+ 37. Kb1 Rcc2 38. fxg6
Rxb2+ 39. Kc1 fxg6 40. Rhg5 Rfc2+ 41. Kd1 Rc6 0-1

[Event "International Championship of Central Serbia 2015 - OPEN A"]
[Site "Paracin"]
[Date "2015.07.07"]
[Round "5.33"]
[White "Kovacevic, Bozidar"]
[Black "Todorovic, Nenad I"]
[Result "0-1"]
[WhiteElo "2000"]
[BlackElo "2252"]
[PlyCount "148"]
[EventDate "2015.07.03"]

1. e4 c5 2. Nf3 d6 3. d4 cxd4 4. Nxd4 Nf6 5. Nc3 a6 6. Be2 e5 7. Nb3 Be7 8. Be3
Be6 9. O-O O-O 10. f4 exf4 11. Bxf4 Nc6 12. Kh1 Ne5 13. Nd4 Qc7 14. Nf5 Bxf5
15. Bxe5 dxe5 16. Rxf5 Rac8 17. a3 Qb6 18. Qc1 Rxc3 19. Rxf6 Qxf6 20. bxc3 Qc6
21. Qe3 Rd8 22. c4 Bc5 23. Qf3 Rd2 24. Bd3 Rf2 25. Qg3 Rf4 26. Qh3 h6 27. g3
Rf2 28. Rf1 Rxf1+ 29. Qxf1 Bxa3 30. g4 Bc5 31. Kg2 a5 32. Qa1 Qf6 33. Qf1 Qxf1+
34. Kxf1 Kf8 35. c3 Ke7 36. Bc2 Kf6 37. Kg2 Be3 38. Ba4 Kg5 39. Kg3 Bf4+ 40.
Kh3 Bd2 41. Kg3 Be1+ 42. Kf3 Kh4 43. c5 Bxc3 44. c6 bxc6 45. Bxc6 Kh3 46. Bd7
Kxh2 47. Bc6 Kh3 48. Bd7 Kh4 49. Be8 f6 50. Ba4 g6 51. Be8 Kg5 52. Bd7 h5 53.
gxh5 Kxh5 54. Be8 Kg5 55. Bd7 f5 56. exf5 gxf5 57. Ke3 Bb4 58. Bc6 Bc5+ 59. Kf3
e4+ 60. Ke2 Kf4 61. Bd7 Ke5 62. Kd2 f4 63. Bc6 f3 64. Ke1 Kf4 65. Kf1 e3 66.
Bb5 e2+ 67. Bxe2 fxe2+ 68. Kxe2 Ke4 69. Kd2 Kd4 70. Kc2 Kc4 71. Kb2 a4 72. Ka2
a3 73. Kb1 Kb3 74. Ka1 Bd4+ 0-1

[Event "International Championship of Central Serbia 2015 - OPEN A"]
[Site "Paracin"]
[Date "2015.07.07"]
[Round "5.34"]
[White "Fernandez, Michael"]
[Black "Naik, Rishubh Naresh"]
[Result "1-0"]
[WhiteElo "2249"]
[BlackElo "2007"]
[PlyCount "101"]
[EventDate "2015.07.03"]

1. c4 Nf6 2. g3 g6 3. Bg2 d5 4. Nf3 Bg7 5. O-O O-O 6. cxd5 Nxd5 7. Nc3 Nb6 8.
d4 c6 9. h3 a5 10. Bf4 Be6 11. Qc2 a4 12. Rad1 Na6 13. e4 Nb4 14. Qb1 h6 15. a3
Na6 16. d5 cxd5 17. Nd4 Bxh3 18. Bxh3 e5 19. Be3 exd4 20. Bxd4 Bxd4 21. Rxd4
Qf6 22. Qd1 Nc5 23. exd5 Rad8 24. Bg2 Rfe8 25. Rf4 Qg7 26. Rb4 Qf6 27. Rb5 Nbd7
28. Nxa4 Nxa4 29. Qxa4 Re2 30. Rxb7 Ne5 31. Qa5 Rc8 32. Rc7 Rxc7 33. Qxc7 Rxb2
34. Qc3 Ra2 35. Qb3 Rd2 36. Qc3 Ra2 37. f4 Nd7 38. Rf3 Qb6+ 39. Qe3 Qb2 40. Rf2
Ra1+ 41. Kh2 Qxa3 42. Qe8+ Nf8 43. f5 Qc5 44. Re2 Ra6 45. Re7 Rf6 46. fxg6 Rf5
47. Rxf7 Rh5+ 48. Bh3 Qc2+ 49. Kg1 Qc5+ 50. Rf2 Rg5 51. Qf7+ 1-0

[Event "International Championship of Central Serbia 2015 - OPEN A"]
[Site "Paracin"]
[Date "2015.07.07"]
[Round "5.35"]
[White "Verendel, Jan"]
[Black "Vajic, Goran"]
[Result "1/2-1/2"]
[WhiteElo "1964"]
[BlackElo "2372"]
[PlyCount "100"]
[EventDate "2015.07.03"]

1. d4 f5 2. c4 Nf6 3. Bg5 e6 4. Nc3 Be7 5. e3 O-O 6. Bd3 c6 7. Qc2 d5 8. cxd5
cxd5 9. Bxf6 Bxf6 10. g4 g6 11. gxf5 gxf5 12. Nge2 Nc6 13. a3 a6 14. Nf4 Qd6
15. Rg1+ Kh8 16. Qe2 Ne7 17. Qh5 Bd7 18. Qh6 Rf7 19. O-O-O Bg7 20. Qh5 Be8 21.
Rg3 Rf6 22. Qh4 Ng6 23. Nxg6+ Rxg6 24. Rdg1 Qd8 25. Qxd8 Rxd8 26. Kd2 Bf6 27.
Ne2 Rc8 28. Nf4 Rxg3 29. hxg3 Bf7 30. Be2 Be7 31. Bh5 Bg8 32. Rc1 Rxc1 33. Kxc1
Kg7 34. Be8 b6 35. Bd7 Kf6 36. Bc8 a5 37. Nd3 Bd6 38. f4 Bf7 39. Bd7 Ke7 40.
Bb5 Be8 41. Bxe8 Kxe8 42. Kc2 Kd7 43. Kb3 b5 44. Kc3 Kc6 45. b4 axb4+ 46. axb4
Be7 47. Nc5 Kd6 48. Kd3 h5 49. Ke2 h4 50. gxh4 Bxh4 1/2-1/2

[Event "International Championship of Central Serbia 2015 - OPEN A"]
[Site "Paracin"]
[Date "2015.07.07"]
[Round "5.36"]
[White "Jovanovic, Sasa T"]
[Black "Todorovic, Bojan"]
[Result "1-0"]
[WhiteElo "2211"]
[BlackElo "2361"]
[PlyCount "66"]
[EventDate "2015.07.03"]

1. d4 d5 2. c4 c6 3. e3 Nf6 4. Nc3 e6 5. Nf3 Nbd7 6. Qc2 Bd6 7. Be2 O-O 8. O-O
dxc4 9. Bxc4 b5 10. Be2 Bb7 11. Rd1 Qc7 12. Bd2 Rac8 13. Rac1 Rfe8 14. b4 a5
15. a3 axb4 16. axb4 Qb8 17. Qb3 Nd5 18. Ne4 Bf8 19. Nc5 Nxc5 20. dxc5 g6 21.
g3 Bg7 22. e4 Nf6 23. Qb1 e5 24. Qc2 Qc7 25. Bc3 Re7 26. Rd6 Rce8 27. Rcd1 Bc8
28. Kg2 Nd7 29. Qb2 Nf8 30. h3 Ne6 31. Bxe5 Bxe5 32. Qxe5 Nd8 33. Qf4 Be6 1-0

[Event "International Championship of Central Serbia 2015 - OPEN A"]
[Site "Paracin"]
[Date "2015.07.07"]
[Round "5.37"]
[White "Vucinic, Gojko"]
[Black "Tscharotschkin, Michael"]
[Result "1-0"]
[WhiteElo "2328"]
[BlackElo "2182"]
[PlyCount "57"]
[EventDate "2015.07.03"]

1. e4 e6 2. d4 d5 3. Nc3 Bb4 4. e5 c5 5. a3 Bxc3+ 6. bxc3 Ne7 7. Qg4 Qc7 8.
Qxg7 Rg8 9. Qxh7 cxd4 10. Ne2 Nbc6 11. f4 Bd7 12. Qd3 dxc3 13. Nxc3 O-O-O 14.
Nb5 Nxe5 15. Nxc7 Nxd3+ 16. Bxd3 Kxc7 17. Kf2 Bc6 18. Bb2 d4 19. Rhg1 f6 20.
Rae1 e5 21. fxe5 fxe5 22. Rxe5 Rdf8+ 23. Ke1 Kd6 24. Bxd4 Rf4 25. c3 Bxg2 26.
Re2 Rfg4 27. Be5+ Kd7 28. Bf6 Re8 29. Bxe7 1-0

[Event "International Championship of Central Serbia 2015 - OPEN A"]
[Site "Paracin"]
[Date "2015.07.07"]
[Round "5.38"]
[White "Pantelic, Sasa"]
[Black "Kuzmanovic, Slobodan"]
[Result "1-0"]
[WhiteElo "2324"]
[BlackElo "2173"]
[PlyCount "125"]
[EventDate "2015.07.03"]

1. d4 Nf6 2. c4 g6 3. Nc3 Bg7 4. Nf3 c5 5. d5 d6 6. Bf4 Nh5 7. Bg5 h6 8. Bd2
O-O 9. e4 e5 10. g3 a6 11. a4 Qe8 12. Be2 f5 13. Nh4 Nf6 14. exf5 gxf5 15. Qc2
Nh7 16. O-O-O Qf7 17. h3 Nd7 18. Nxf5 Qxf5 19. Bd3 e4 20. Bxe4 Ne5 21. f4 Nxc4
22. Bxf5 Bxf5 23. Qb3 Na5 24. Qa3 c4 25. Rde1 b5 26. Re7 Bf6 27. Re6 b4 28.
Qxb4 Nb3+ 29. Kd1 Rab8 30. Qxd6 Nxd2 31. Rxf6 Nxf6 32. Kxd2 Rxb2+ 33. Ke3 Rc2
34. Kd4 Rxc3 35. Qxf8+ Kxf8 36. Kxc3 Nxd5+ 37. Kxc4 Nb6+ 38. Kb4 Bd7 39. Ra1
Nd5+ 40. Ka5 Bc8 41. Rc1 Bb7 42. g4 Ke7 43. g5 hxg5 44. fxg5 Ke6 45. h4 Nf4 46.
Kb6 Be4 47. Rd1 Ke5 48. Kxa6 Bf3 49. Rd2 Ng6 50. Rh2 Nf4 51. a5 Kf5 52. Ka7 Kg4
53. Rf2 Be4 54. a6 Ng6 55. Re2 Bf3 56. Re3 Bg2 57. Re6 Nxh4 58. g6 Bd5 59. Rd6
Bb3 60. Rd4+ Kg5 61. Rxh4 Kxh4 62. Kb8 Kg5 63. a7 1-0

[Event "International Championship of Central Serbia 2015 - OPEN A"]
[Site "Paracin"]
[Date "2015.07.07"]
[Round "5.39"]
[White "Injac, Teodora"]
[Black "Besedes, Danilo"]
[Result "1/2-1/2"]
[WhiteElo "2165"]
[BlackElo "2307"]
[PlyCount "96"]
[EventDate "2015.07.03"]

1. Nf3 b5 2. e4 Bb7 3. Bxb5 Bxe4 4. d4 Nf6 5. O-O e6 6. c4 Be7 7. Nc3 Bb7 8. d5
O-O 9. Ba4 Na6 10. Re1 Nc5 11. Bc2 a5 12. Nd4 Ra6 13. Bf4 exd5 14. Nf5 Nfe4 15.
cxd5 Nxc3 16. Nxe7+ Qxe7 17. Bxh7+ Kxh7 18. Qh5+ Kg8 19. Rxe7 Nxd5 20. Re3 Nxe3
21. Bxe3 Ne6 22. Qb5 Bc8 23. Rd1 Rc6 24. Qxa5 Ra6 25. Qd5 d6 26. h4 Bd7 27. a3
Rb8 28. Qd3 Bb5 29. Qf5 Bc6 30. Qd3 Bb5 31. Qf5 Bc6 32. Rd2 Rb5 33. Qd3 Ra8 34.
b4 Re5 35. Qc3 Bb7 36. Qb3 Bc6 37. Qc3 Bb7 38. Kh2 Ra6 39. Qb3 Bc6 40. Qc3 Bb7
41. Ra2 Re4 42. g3 Bd5 43. Rd2 Bb7 44. Qb3 Rc6 45. Rc2 Ra6 46. Rd2 Rc6 47. Rc2
Ra6 48. Rd2 Rc6 1/2-1/2

[Event "International Championship of Central Serbia 2015 - OPEN A"]
[Site "Paracin"]
[Date "2015.07.07"]
[Round "5.40"]
[White "Arsic, Djordje"]
[Black "Hjelmas, Lars"]
[Result "0-1"]
[WhiteElo "2153"]
[BlackElo "2291"]
[PlyCount "92"]
[EventDate "2015.07.03"]

1. e4 e6 2. d3 d5 3. Qe2 Nf6 4. Nf3 Be7 5. g3 c5 6. Bg2 Nc6 7. O-O O-O 8. e5
Nd7 9. Bf4 b5 10. Re1 a5 11. Nbd2 g5 12. Be3 Ncxe5 13. Nxe5 Nxe5 14. Bxc5 Bxc5
15. Qxe5 f6 16. Qe2 Ra7 17. c3 Bd6 18. d4 Qb6 19. Qd3 Rg7 20. b3 f5 21. c4 bxc4
22. bxc4 Qa6 23. Bf1 Bb4 24. a3 dxc4 25. Qc2 Bxd2 26. Qxd2 Qc6 27. Bg2 c3 28.
Bxc6 cxd2 29. Red1 Rc7 30. d5 exd5 31. Bxd5+ Kg7 32. Rxd2 Rd8 33. Rdd1 Rc3 34.
a4 Kf6 35. Rab1 Rd6 36. Rb5 Be6 37. Kg2 f4 38. gxf4 Bh3+ 39. Kg1 gxf4 40. Rxa5
Rc7 41. f3 Rg7+ 42. Kf2 Rg2+ 43. Ke1 Rg1+ 44. Ke2 Rxd1 45. Kxd1 Be6 46. Ra7
Bxd5 0-1

[Event "International Championship of Central Serbia 2015 - OPEN A"]
[Site "Paracin"]
[Date "2015.07.07"]
[Round "5.41"]
[White "Radovic, Luka"]
[Black "Zlatanovic, Zoran"]
[Result "1-0"]
[WhiteElo "2290"]
[BlackElo "2123"]
[PlyCount "85"]
[EventDate "2015.07.03"]

1. c4 Nf6 2. g3 c6 3. Bg2 d5 4. Nf3 g6 5. b3 Bg7 6. Bb2 O-O 7. d3 Nbd7 8. O-O
Re8 9. Nbd2 e5 10. Qc2 d4 11. Rfe1 a5 12. a3 Nc5 13. b4 Na6 14. b5 Nc5 15. a4
Bf5 16. Ba3 Bf8 17. Nb3 Nxb3 18. Qxb3 c5 19. Nh4 Bc8 20. e3 Ra7 21. Qd1 b6 22.
Bc6 Re6 23. Nf3 h6 24. exd4 exd4 25. Ne5 Bd6 26. f4 Rae7 27. Rf1 Qc7 28. Bc1
Kg7 29. Qf3 Bxe5 30. fxe5 Qxe5 31. Rf2 Qh5 32. Bf4 Re1+ 33. Rf1 Bg4 34. Bxh6+
Kxh6 35. Qxf6 Rxf1+ 36. Rxf1 Qe5 37. Qh4+ Bh5 38. g4 Qe3+ 39. Kh1 Qe2 40. Rg1
Re5 41. gxh5 Rxh5 42. Qg3 Re5 43. Be4 1-0

[Event "International Championship of Central Serbia 2015 - OPEN A"]
[Site "Paracin"]
[Date "2015.07.07"]
[Round "5.42"]
[White "Sorgic, Dragan"]
[Black "Ozalp, Burak"]
[Result "1/2-1/2"]
[WhiteElo "2234"]
[BlackElo "2113"]
[Annotator "Natasa"]
[PlyCount "118"]
[EventDate "2015.07.03"]

1. e4 c5 2. Nf3 e6 3. d4 cxd4 4. Nxd4 Nf6 5. Nc3 Nc6 6. Nxc6 bxc6 7. e5 Nd5 8.
Ne4 Qc7 9. f4 Qb6 10. c4 Bb4+ 11. Ke2 Ba6 12. Kf3 f5 13. Nf2 Ne7 14. Be3 Bc5
15. Bxc5 Qxc5 16. Qd6 Qb6 17. b3 c5 18. Rd1 Bb7+ 19. Ke3 Kf7 20. h4 Rhd8 21.
Rh3 Nc8 22. Qd2 d5 23. exd6 Nxd6 24. Qb2 e5 25. fxe5 Ne4 26. Bd3 Qh6+ 27. Ke2
Qh5+ 28. Ke1 Kg8 29. Be2 Qh6 30. Nd3 Re8 31. Qc1 Qa6 32. a3 Rad8 33. Kf1 Bc6
34. Rf3 Qb7 35. b4 cxb4 36. axb4 Ba4 37. Re1 Qe7 38. Qf4 Rd4 39. Kg1 Rxc4 40.
Qxf5 Nd2 41. Rf4 Bd7 42. Qh5 Rxf4 43. Nxf4 Qxb4 44. e6 Nf3+ 45. Bxf3 Qxe1+ 46.
Kh2 Ba4 47. Bd5 Re7 48. Qg5 Qb4 49. g3 Bb5 50. Qe5 Be8 51. Bg2 a5 52. Nd5 Qa3
53. Nxe7+ Qxe7 54. Qxa5 Qf6 55. Qc5 g6 56. Qd5 Qe7 57. Qe5 h5 58. Be4 Qg7 59.
Qd6 Qf6 {unreadable} 1/2-1/2

[Event "International Championship of Central Serbia 2015 - OPEN A"]
[Site "Paracin"]
[Date "2015.07.07"]
[Round "5.43"]
[White "Stojkovska, Monika"]
[Black "Djokic, Nebojsa"]
[Result "1/2-1/2"]
[WhiteElo "2061"]
[BlackElo "2224"]
[PlyCount "99"]
[EventDate "2015.07.03"]

1. e4 c5 2. Nf3 Nc6 3. d4 cxd4 4. Nxd4 Nf6 5. Nc3 e5 6. Ndb5 d6 7. Bg5 a6 8.
Na3 b5 9. Nd5 Be7 10. Bxf6 Bxf6 11. c4 b4 12. Nc2 a5 13. g3 O-O 14. h4 Kh8 15.
Bh3 Be6 16. Kf1 Rb8 17. b3 Qd7 18. Kg2 Bd8 19. Nce3 Nd4 20. Qd3 Bb6 21. Nf5 Bc5
22. Rad1 Ra8 23. Nxd4 Bxd4 24. f4 f5 25. exf5 Bxf5 26. Bxf5 Rxf5 27. Qe4 Raf8
28. Rhf1 h5 29. Rf3 g6 30. Rxd4 exd4 31. Ne7 Re8 32. Qxd4+ Kh7 33. Nxf5 Qxf5
34. Qd3 Qxd3 35. Rxd3 Re2+ 36. Kf3 Rxa2 37. Rxd6 Ra3 38. Rd7+ Kh6 39. Ke4 Rxb3
40. Ra7 Ra3 41. c5 Ra1 42. c6 b3 43. c7 b2 44. Rb7 Rc1 45. Rxb2 Rxc7 46. Ra2
Ra7 47. Ra4 Kg7 48. f5 Kf6 49. fxg6 Kxg6 50. Kf4 1/2-1/2

[Event "International Championship of Central Serbia 2015 - OPEN A"]
[Site "Paracin"]
[Date "2015.07.07"]
[Round "5.44"]
[White "Martynov, Petr"]
[Black "Livaja, Mario"]
[Result "0-1"]
[WhiteElo "1932"]
[BlackElo "2216"]
[PlyCount "46"]
[EventDate "2015.07.03"]

1. e4 c5 2. Nf3 e6 3. d4 cxd4 4. Nxd4 a6 5. Nc3 Qc7 6. Be2 Nc6 7. O-O Nf6 8.
Kh1 Bb4 9. Nxc6 bxc6 10. Bd3 d5 11. exd5 cxd5 12. Qf3 Bb7 13. Bg5 Be7 14. Rfe1
Rd8 15. Bf4 Bd6 16. Bg5 Be7 17. Bf4 Qb6 18. Qg3 Nh5 19. Qg4 Nxf4 20. Qxf4 Bf6
21. Na4 Qd4 22. Qc7 Rd7 23. Qc5 Qxa4 0-1

[Event "International Championship of Central Serbia 2015 - OPEN A"]
[Site "Paracin"]
[Date "2015.07.07"]
[Round "5.45"]
[White "Mikanovic, Sandro"]
[Black "Radeva, Viktoria"]
[Result "0-1"]
[WhiteElo "2212"]
[BlackElo "2042"]
[PlyCount "118"]
[EventDate "2015.07.03"]

1. d4 Nf6 2. c4 g6 3. Nc3 Bg7 4. e4 d6 5. Nf3 O-O 6. h3 e5 7. d5 Nh5 8. g3 a5
9. Bg2 Na6 10. O-O Qe8 11. Ne1 f5 12. Nd3 f4 13. g4 Nf6 14. b3 Nd7 15. a3 Ndc5
16. Nxc5 Nxc5 17. Rb1 a4 18. b4 Nb3 19. Nb5 Qd8 20. Bb2 Bd7 21. f3 Bf6 22. Nc3
Bh4 23. Ne2 h5 24. Nc1 Nxc1 25. Rxc1 Rf7 26. Qd3 Bg3 27. Rfd1 Qh4 28. Kf1 hxg4
29. hxg4 Bxg4 30. Rd2 Bh3 31. Qe2 g5 32. Bxh3 Qxh3+ 33. Qg2 Qh5 34. Ke2 Rh7 35.
Rdd1 Qh2 36. Rg1 Rf8 37. Kd3 Kg7 38. c5 Kg6 39. b5 g4 40. fxg4 Rh3 41. Kc4 Qxg2
42. Rxg2 f3 43. Rgg1 dxc5 44. b6 cxb6 45. d6 Rd8 46. Kd5 Bf4 47. Rcd1 Be3 48.
Rgf1 f2 49. Bxe5 Rf3 50. Rd3 Kf7 51. Bb2 Rxd6+ 52. Kxd6 Bf4+ 53. Kd5 Rxd3+ 54.
Kc4 Rd2 55. Bc3 Re2 56. Kd5 Rc2 57. e5 Bg3 58. e6+ Ke7 59. Be5 Rd2+ 0-1

[Event "International Championship of Central Serbia 2015 - OPEN A"]
[Site "Paracin"]
[Date "2015.07.07"]
[Round "5.46"]
[White "Aydincelebi, Kagan"]
[Black "Milenkovic, Mladen"]
[Result "0-1"]
[WhiteElo "1910"]
[BlackElo "2344"]
[PlyCount "82"]
[EventDate "2015.07.03"]

1. e4 c5 2. Nf3 e6 3. c3 Nc6 4. d4 cxd4 5. cxd4 d5 6. e5 Nge7 7. Bd3 Nf5 8.
Bxf5 exf5 9. O-O h6 10. h4 Be7 11. h5 Be6 12. Nc3 g5 13. hxg6 fxg6 14. Ne2 g5
15. Ng3 f4 16. Ne2 Qd7 17. Bxf4 gxf4 18. Nxf4 O-O-O 19. b4 Bxb4 20. Qb3 Rhg8
21. Rfc1 Rdf8 22. Nh5 Be7 23. Nf6 Bxf6 24. exf6 Kb8 25. Rc5 Rxf6 26. Rac1 Bh3
27. g3 Qf7 28. R1c3 Rf8 29. Rxc6 Rxc6 30. Rxc6 Qxf3 31. Qxf3 Rxf3 32. Rxh6 Bf5
33. Rf6 Be4 34. Rxf3 Bxf3 35. Kh2 b5 36. Kh3 a5 37. g4 b4 38. g5 a4 39. g6 Be4
40. g7 Bh7 41. f4 b3 0-1

[Event "International Championship of Central Serbia 2015 - OPEN A"]
[Site "Paracin"]
[Date "2015.07.07"]
[Round "5.47"]
[White "Sahin, Ozgun"]
[Black "Tosic, Srecko"]
[Result "0-1"]
[WhiteElo "2106"]
[BlackElo "2377"]
[PlyCount "100"]
[EventDate "2015.07.03"]

1. d4 d5 2. Nc3 Nf6 3. Bg5 Nbd7 4. f3 h6 5. Bh4 c6 6. e4 Qb6 7. Qd2 e6 8. e5
Ng8 9. O-O-O Ne7 10. g4 Qc7 11. f4 Nb6 12. Qd3 h5 13. Bxe7 Bxe7 14. gxh5 Rxh5
15. Be2 Rh8 16. Qg3 Bf8 17. Nf3 a6 18. Bd3 Qe7 19. Ng5 Kd8 20. h4 Bd7 21. h5 f5
22. exf6 gxf6 23. Nf3 Bh6 24. Nh4 Qf7 25. Ng6 Re8 26. Kb1 Rc8 27. Rhe1 c5 28.
dxc5 Rxc5 29. Qf2 Rc6 30. Nh4 Rg8 31. Bg6 Qf8 32. Qd4 Kc7 33. f5 Rc4 34. Qf2 e5
35. Nxd5+ Nxd5 36. Rxd5 Bc6 37. Rd3 Be4 38. Rc3 Rxc3 39. bxc3 Qa3 40. Bf7 Rd8
41. Qe2 Bc6 42. Qc4 Bd2 43. Rg1 Bxc3 44. Qb3 Qc5 45. Rc1 Rd4 46. a3 Rxh4 47.
Rd1 Ba4 48. Qa2 Qb6+ 49. Bb3 Rxh5 50. Kc1 Bxb3 0-1

[Event "International Championship of Central Serbia 2015 - OPEN A"]
[Site "Paracin"]
[Date "2015.07.07"]
[Round "5.48"]
[White "Aleksic, Neven"]
[Black "Martic, Zlatko"]
[Result "1-0"]
[WhiteElo "2068"]
[BlackElo "2299"]
[PlyCount "87"]
[EventDate "2015.07.03"]

1. d4 d5 2. c4 dxc4 3. Nf3 Nf6 4. Nc3 a6 5. a4 Nc6 6. e4 Na5 7. Ne5 e6 8. Nxc4
Bb4 9. Nxa5 Bxa5 10. Bd3 O-O 11. Be3 Bb6 12. Bc2 Nd7 13. O-O e5 14. Nd5 Bxd4
15. Bxd4 exd4 16. Qxd4 c6 17. Ne3 Nf6 18. Qc3 Qe7 19. e5 Ng4 20. Nxg4 Bxg4 21.
Rae1 Rad8 22. h3 Be6 23. f4 Bd5 24. Re3 Qh4 25. Rg3 f6 26. Rg4 Qh6 27. Qe1 f5
28. Rg5 Qe6 29. Kh2 h6 30. Rg3 Kh8 31. Rf2 c5 32. Qe3 Qc6 33. e6 Rf6 34. Bxf5
b5 35. axb5 axb5 36. Re2 b4 37. Qe5 Re8 38. Bg6 Rfxe6 39. Bxe8 Rxe5 40. Bxc6
Rxe2 41. Bxd5 Rxb2 42. f5 Rd2 43. Be6 Rd4 44. Rg4 1-0

[Event "International Championship of Central Serbia 2015 - OPEN A"]
[Site "Paracin"]
[Date "2015.07.07"]
[Round "5.49"]
[White "Nikolovski, Nikola"]
[Black "Konstantinov, Aleksandar"]
[Result "*"]
[WhiteElo "2293"]
[BlackElo "2046"]
[Annotator "Natasa"]
[PlyCount "102"]
[EventDate "2015.07.03"]

1. b3 d5 2. Bb2 c5 3. e3 Nc6 4. Bb5 Qc7 5. Nf3 Bg4 6. O-O e6 7. d3 Nf6 8. Nbd2
Be7 9. Qe1 O-O 10. Bxc6 Qxc6 11. Ne5 Qc7 12. f4 Bh5 13. a4 Nd7 14. g4 Bg6 15.
Ndf3 Nxe5 16. Nxe5 f6 17. Nxg6 hxg6 18. e4 d4 19. f5 g5 20. fxe6 Qe5 21. Qf2
Bd6 22. Rae1 Rae8 23. Re2 Qxe6 24. Qf5 Be5 25. Bc1 Qxf5 26. exf5 Kf7 27. Kg2
Rh8 28. h3 a6 29. Rfe1 Bd6 30. Rxe8 Rxe8 31. Rxe8 Kxe8 32. Kf3 Kd7 33. Ke4 Kc6
34. Bd2 b5 35. axb5+ axb5 36. Be1 Bf4 37. b4 Be3 38. bxc5 Kxc5 39. Ba5 Bg1 40.
Bd2 Bh2 41. Bc1 Bg3 42. Ba3+ b4 43. Bc1 Be1 44. Bb2 Bg3 45. Bc1 Be1 46. Kf3 Kd5
47. Ke2 Bc3 48. Kf2 Ke5 49. Kf3 Be1 50. Ke2 Bc3 51. Kd1 Kd5 {unreadable} *